000 00683nam a2200205Ia 4500
003 IN-BaIIA
008 211028s9999 xx 000 0 eng d
020 _a981-02-2281-5
040 _cIIA Library
080 _a519.218
_bIWA
100 _aIwankiewicz, R
_920602
245 0 _aDynamical mechanical systems under random impulses
_bstandard model from tree unitarity
_cR. Iwankiewicz
260 _aSingapore
_bWorld Scientific
_c1995
300 _aix, 161p.
650 _aRandom Pulse Trains
_920603
650 _aRandom Vibration
_920604
650 _aStochastic Dynamics
_920605
650 _aStochastic Processes
_94970
942 _cBK
999 _c11868
_d11868